[Event "XVe Open International de l'Indre"]
[Site "Chateauroux - FRA"]
[Date "2014.10.26"]
[Round "3.6"]
[White "Letemple, Frederic"]
[Black "Augereau, Cyrille"]
[Result "1-0"]
[WhiteElo "1950"]
[BlackElo "1943"]
[Board "6"]
[Input " "]
[Owner "FFE"]

1.d4 Nc6 2.Nf3 d6 3.e3 e5 4.dxe5 Nxe5 5.Nxe5 dxe5 6.Qxd8+ Kxd8 7.Bc4 
f6 8.Nc3 c6 9.a4 Bb4 10.Bd2 Bf5 11.O-O-O Ke8 12.f3 h5 13.e4 Bg6 14.
Na2 Bxd2+ 15.Rxd2 Rd8 16.Rxd8+ Kxd8 17.Rd1+ Ke7 18.Nc3 Nh6 19.a5 Rd8 
20.Rxd8 Kxd8 21.Na4 Nf7 22.Nc5 Nd6 23.Ne6+ Ke7 24.Bb3 Ne8 25.Nc5 b6 
26.axb6 axb6 27.Na4 b5 28.Nc5 Kd6 29.Nb7+ Kc7 30.Nc5 Kd6 31.Ne6 c5 
32.Nf8 c4 33.Bxc4 bxc4 34.Nxg6 Ke6 35.g3 f5 36.exf5+ Kxf5 37.Nh4+ Ke6
38.Kd2 Nd6 39.Kc3 g5 40.Ng2 Kd5 41.Kb4 Kd4 42.c3+ Kd3 43.b3 cxb3 44.
Kxb3 Nb5 45.f4 gxf4 46.gxf4 e4 47.f5 Nd6 48.f6 Ke2 49.Nf4+ Kf3 50.
Nxh5 e3 51.Ng3 Kg2 52.c4 Nf5 53.f7 Nxg3 54.hxg3 e2 55.f8=Q e1=Q 56.
Qa8+ Kxg3 57.Qg8+ Kf4 58.Qf7+ Kg3 59.Qg6+ Kf4 60.Qf6+ Kg4 61.Qd4+ Kg5
62.c5 Qb1+ 63.Kc4 Qc2+ 64.Kd5 Qb3+ 65.Kc6 Qe6+ 66.Qd6 Qc8+ 67.Qc7 
Qe8+ 68.Kb7 Qb5+ 69.Kc8 Qa6+ 70.Kd7 Qa4+ 71.c6 Qg4+ 72.Kd8 Qd4+ 73.
Qd7 Qh8+ 74.Kc7 Qe5+ 75.Kc8 Kh5 76.c7 Qh8+ 77.Qd8 Qb2 78.Qd5+ Kh4 79.
Kd7 Qg7+ 80.Kc6 Qf6+ 81.Kc5 Qf8+ 82.Kb6 Qb4+ 83.Qb5 Qd6+ 84.Kb7 Qe7 
85.Kb8 Qd6 86.Qc4+ Kh5 87.Ka7 Qe7 88.Ka6 Qf6+ 1-0

[Event "XVe Open International de l'Indre"]
[Site "Chateauroux - FRA"]
[Date "2014.10.26"]
[Round "3.7"]
[White "Trendowski, Michal"]
[Black "Zarebski, Cezary"]
[Result "1/2-1/2"]
[WhiteElo "1569"]
[BlackElo "2025"]
[Board "7"]
[Input " "]
[Owner "FFE"]

1.e4 c5 2.Nf3 d6 3.d4 cxd4 4.Nxd4 Nf6 5.Nc3 Nc6 6.f3 g6 7.Be3 Bg7 8.
Qd2 O-O 9.Bc4 Bd7 10.Bb3 Rc8 11.O-O-O Ne5 12.g4 Nc4 13.Bxc4 Rxc4 14.
h4 h5 15.gxh5 Nxh5 16.Nde2 Qa5 17.Bh6 Rfc8 18.Bxg7 Kxg7 19.Rdg1 b5 
20.Rg5 R8c5 21.Rxc5 Rxc5 22.a3 1/2-1/2

[Event "XVe Open International de l'Indre"]
[Site "Chateauroux - FRA"]
[Date "2014.10.26"]
[Round "3.8"]
[White "Chaudagne, Christophe"]
[Black "Meunier-Pion, Jean"]
[Result "1/2-1/2"]
[WhiteElo "2108"]
[BlackElo "1730"]
[Board "8"]
[Input " "]
[Owner "FFE"]

1.Nf3 Nf6 2.g3 g6 3.Bg2 Bg7 4.O-O O-O 5.c4 d6 6.d4 Nbd7 7.Nc3 e5 8.e3
c6 9.b3 Qc7 10.Bb2 Re8 11.Qc2 Nf8 12.Rfe1 Nh5 13.c5 e4 14.cxd6 Qxd6 
15.Ng5 f5 16.Na4 Nf6 17.h4 Nd5 18.a3 Nd7 19.Rac1 N7f6 20.Qc5 Qb8 21.
Bf1 Bf8 22.Qc2 Bd6 23.Bg2 1/2-1/2

[Event "XVe Open International de l'Indre"]
[Site "Chateauroux - FRA"]
[Date "2014.10.26"]
[Round "3.9"]
[White "Egreteau, Eric"]
[Black "Rogier, Jean-Louis"]
[Result "1-0"]
[WhiteElo "2038"]
[BlackElo "1685"]
[Board "9"]
[Input " "]
[Owner "FFE"]

1.e4 c6 2.d3 d5 3.Nd2 e5 4.Ngf3 Bg4 5.c3 Nd7 6.h3 Be6 7.Qc2 Bd6 8.Be2
Ne7 9.Ng5 O-O 10.O-O h6 11.Nxe6 fxe6 12.Bg4 Rf6 13.a4 Qe8 14.a5 h5 
15.Be2 Ng6 16.Bxh5 Qf8 17.g3 Bc5 18.Nb3 Bd6 19.Bg5 Ne7 20.c4 Rc8 21.
Kg2 g6 22.Bxf6 Qxf6 23.Bg4 Rd8 24.h4 Kg7 25.Rh1 Qf7 26.Nd2 Nf6 27.Bh3
Bb4 28.Nf3 Nd7 29.Ng5 1-0

[Event "XVe Open International de l'Indre"]
[Site "Chateauroux - FRA"]
[Date "2014.10.26"]
[Round "3.10"]
[White "Palomar, Felix"]
[Black "Gauthier, Cyrille"]
[Result "0-1"]
[WhiteElo "1726"]
[BlackElo "2013"]
[Board "10"]
[Input " "]
[Owner "FFE"]

1.e4 e5 2.Nf3 Nc6 3.Bc4 Bc5 4.b4 Bxb4 5.c3 Ba5 6.d4 exd4 7.O-O h6 8.
Qb3 Qf6 9.e5 Qg6 10.cxd4 Bb6 11.Bd3 Qh5 12.Bb2 Nge7 13.Nbd2 O-O 14.
Nc4 Nf5 15.d5 Ncd4 16.Nxd4 Bxd4 17.Rad1 Bxb2 18.Qxb2 b6 19.Rfe1 a6 
20.d6 b5 21.Be4 c6 22.Na5 Rb8 23.Qc2 g6 24.Nb3 Ng7 25.Nc5 Re8 26.f4 
Ne6 27.Bf3 Qf5 28.Be4 Qxf4 29.Bxg6 Nxc5 30.Rf1 Qe3+ 31.Kh1 Rf8 32.
Rde1 Qg5 33.Rf6 Bb7 34.Ref1 fxg6 35.Rxg6+ Kh8 36.Rff6 Rxf6 37.exf6 
Re8 38.h3 Re1+ 39.Kh2 Qe5+ 40.Rg3 Ne4 0-1

[Event "XVe Open International de l'Indre"]
[Site "Chateauroux - FRA"]
[Date "2014.10.26"]
[Round "3.11"]
[White "Prevot, Rodolphe"]
[Black "Owen, Michael"]
[Result "0-1"]
[WhiteElo "1922"]
[BlackElo "1682"]
[Board "11"]
[Input " "]
[Owner "FFE"]

1.Nf3 Nc6 2.d4 d5 3.h3 h6 4.Bf4 Nf6 5.e3 a6 6.c4 dxc4 7.Bxc4 b5 8.Be2
Nd5 9.Bg3 e6 10.Nbd2 Bd6 11.Ne4 Bb4+ 12.Nfd2 Nb6 13.Rc1 Bb7 14.Nc5 
Bxc5 15.Rxc5 Na4 16.Rc2 Nb4 17.Rxc7 Bxg2 18.Rg1 Bd5 19.a3 Nc6 20.e4 
Nxd4 21.exd5 Qxd5 22.Nf3 Nxe2 23.Qxe2 Nxb2 24.Ne5 Rd8 25.f4 Qb3 26.
Bh4 Rd1+ 27.Kf2 O-O 28.Rg3 Qd5 29.Rc2 Rh1 30.Nf3 Nd3+ 31.Ke3 e5 32.
fxe5 Nxe5 33.Bf6 Nc4+ 34.Rxc4 Re8+ 35.Be5 Rxe5+ 36.Nxe5 Qxe5+ 0-1

[Event "XVe Open International de l'Indre"]
[Site "Chateauroux - FRA"]
[Date "2014.10.26"]
[Round "3.12"]
[White "Augonnet, Herve"]
[Black "Guillo, Nicolas"]
[Result "1/2-1/2"]
[WhiteElo "1682"]
[BlackElo "1900"]
[Board "12"]
[Input " "]
[Owner "FFE"]

1.e4 e6 2.d4 d5 3.Nd2 Nf6 4.e5 Nfd7 5.Bd3 c5 6.c3 Nc6 7.Ndf3 cxd4 8.
cxd4 f6 9.exf6 Nxf6 10.Ne2 Bd6 11.O-O Qc7 12.Nc3 a6 13.h3 O-O 14.Be3 
Bd7 15.Rc1 Rae8 16.Re1 Qb8 17.Bb1 Re7 18.a3 Be8 19.g4 Bf4 20.Kg2 Qd6 
21.Ne2 Bxe3 22.fxe3 e5 23.Ng3 e4 24.Nf5 exf3+ 25.Qxf3 Qd7 26.Nxe7+ 
Qxe7 27.Rf1 Bf7 28.Bd3 Re8 29.Rfe1 Bg6 30.Bxg6 hxg6 31.Kg1 Ne4 32.Qg2
Qh4 33.Rf1 Qg5 34.Rce1 Re6 35.Rf3 Na5 36.Qh2 Nd6 37.Ref1 Nac4 38.Qg3 
Rxe3 39.Rxe3 Qxe3+ 40.Qxe3 Nxe3 41.Re1 Nec4 42.b3 Nd2 43.Kg2 N2e4 44.
a4 Kf7 45.Rc1 Kf6 46.Rc7 g5 47.b4 b5 48.axb5 axb5 49.Rc6 Ke6 50.Rc7 
1/2-1/2

[Event "XVe Open International de l'Indre"]
[Site "Chateauroux - FRA"]
[Date "2014.10.26"]
[Round "3.13"]
[White "Gey, Marc-Emile"]
[Black "Laudat, Philippe"]
[Result "1-0"]
[WhiteElo "1888"]
[BlackElo "1533"]
[Board "13"]
[Input " "]
[Owner "FFE"]

1.d4 d5 2.Nf3 Bf5 3.c4 c6 4.Nc3 Nf6 5.Bf4 e6 6.c5 Be7 7.e3 Ne4 8.Nxe4
Bxe4 9.Nd2 Bg6 10.Be2 Nd7 11.O-O e5 12.Bg3 Bh4 13.Bxe5 Nxe5 14.dxe5 
Qe7 15.Nf3 Bh5 16.Qd4 Bxf3 17.gxf3 Bg5 18.Kh1 f6 19.f4 fxe5 20.fxe5 
Bh6 21.f4 O-O-O 22.a4 g5 23.f5 Qc7 24.f6 Bf8 25.e6 Bh6 26.e7 Rde8 27.
Bh5 Reg8 28.Bf7 Rf8 29.exf8=Q+ Rxf8 30.Be6+ Kb8 31.Bg4 a6 32.Rae1 Rd8
33.b4 Bf8 34.e4 Qf7 35.e5 h5 36.Bf5 g4 37.e6 Qe8 38.e7 1-0

[Event "XVe Open International de l'Indre"]
[Site "Chateauroux - FRA"]
[Date "2014.10.26"]
[Round "3.14"]
[White "Gauclain, Loic"]
[Black "Budak, Rewi"]
[Result "1/2-1/2"]
[WhiteElo "1675"]
[BlackElo "1829"]
[Board "14"]
[Input " "]
[Owner "FFE"]

1.e4 c5 2.Nc3 Nc6 3.g3 Nf6 4.Bg2 e6 5.f4 d5 6.e5 Nd7 7.Nf3 a6 8.Ne2 
Rb8 9.c3 b5 10.d4 c4 11.O-O Be7 12.Be3 h5 13.h3 Nb6 14.g4 hxg4 15.
hxg4 b4 16.Qc2 b3 17.Qd2 bxa2 18.Rxa2 a5 19.Ng3 Bh4 20.Bf2 Bd7 21.Nh5
Bxf2+ 22.Qxf2 g6 23.Nf6+ Ke7 24.Ng5 Qf8 25.Ngh7 Qh6 26.g5 Qg7 27.Qh4 
Kd8 28.Qh6 Qxh6 29.gxh6 Be8 30.Rf3 Nd7 31.Rh3 Rb5 32.Nxd7 Kxd7 33.
Nf6+ Ke7 34.Bf3 Nb8 35.Bd1 Rb7 36.Nxe8 Kxe8 37.Rh2 Ra7 38.b4 cxb3 39.
Bxb3 Ke7 40.Ba4 Rc7 41.Ra3 f6 42.Rb3 Nd7 43.Bxd7 Rxd7 44.h7 Kf7 45.
Rb6 fxe5 46.fxe5 Ra7 47.Rf2+ Kg7 48.Rf6 Re8 49.h8=Q+ Kxh8 50.Rxg6 a4 
51.Rb2 Rg7 52.Rh2+ Kg8 53.Rxg7+ Kxg7 54.Ra2 Rc8 55.Ra3 Rc4 56.Kf2 Kg6
57.Ke2 Kf5 58.Kd3 Kf4 59.Ra1 Kg5 60.Rg1+ Kh6 61.Kc2 Rc6 62.Kb2 Ra6 
63.Ka3 Kh7 64.Kb4 Ra7 65.Ra1 Rb7+ 66.Kc5 Ra7 67.c4 dxc4 68.Kxc4 Kg6 
69.Kb4 Kf5 70.Kc5 a3 71.Kc4 Ra5 72.Kb4 Rd5 73.Kc3 Ke4 74.Rxa3 Rxd4 
75.Ra6 Kxe5 1/2-1/2

[Event "XVe Open International de l'Indre"]
[Site "Chateauroux - FRA"]
[Date "2014.10.26"]
[Round "3.15"]
[White "Florence, Gerard"]
[Black "Labbe, Georges"]
[Result "1-0"]
[WhiteElo "1537"]
[BlackElo "1819"]
[Board "15"]
[Input " "]
[Owner "FFE"]

1.d4 Nf6 2.c4 g6 3.Nc3 d5 4.Bg5 c6 5.Nf3 Bg7 6.e3 Qa5 7.Bxf6 Bxf6 8.
cxd5 cxd5 9.Bb5+ Nc6 10.Nd2 a6 11.Nb3 Qd8 12.Bxc6+ bxc6 13.O-O O-O 
14.f3 e5 15.Rc1 Re8 16.Rf2 a5 17.Nc5 Qc7 18.Nd3 exd4 19.Nxd5 Qd6 20.
Nxf6+ Qxf6 21.e4 Ba6 22.Nc5 Red8 23.Nxa6 Rxa6 24.Qd3 Rb6 25.Rc5 Rdb8 
26.e5 Qf4 27.b3 a4 28.Re2 axb3 29.axb3 Rxb3 30.Re4 Rb1+ 31.Kf2 Qxh2 
32.Rxd4 Qg1+ 33.Kg3 Qe1+ 34.Kg4 h5+ 35.Kg5 Kg7 36.g4 R8b3 37.Qe4 Qg3 
38.Rd7 Re1 39.Qxg6+ 1-0

[Event "XVe Open International de l'Indre"]
[Site "Chateauroux - FRA"]
[Date "2014.10.26"]
[Round "3.16"]
[White "Gedda, Peder"]
[Black "Darre, Alain"]
[Result "1-0"]
[WhiteElo "1801"]
[BlackElo "1643"]
[Board "16"]
[Input " "]
[Owner "FFE"]

1.d4 Nf6 2.Nf3 c5 3.d5 b5 4.e3 Bb7 5.Bxb5 Bxd5 6.O-O e6 7.b4 Qb6 8.
Nc3 Bc6 9.Bxc6 Nxc6 10.b5 Na5 11.e4 d6 12.Qe2 Be7 13.h3 O-O 14.g4 Qc7
15.g5 Nd7 16.h4 Rad8 17.h5 Nb7 18.Kh1 Nb6 19.Rg1 d5 20.g6 Bf6 21.
gxh7+ Kh8 22.e5 Be7 23.h6 g6 24.Bf4 c4 25.Ng5 Nc5 26.Qg4 Bxg5 27.Bxg5
Rde8 28.Bf6+ Kxh7 29.Rae1 Nbd7 30.Bg7 Rg8 31.a4 Nb6 32.Re3 Nbxa4 33.
Nxa4 Nxa4 34.Rf3 Re7 35.Rf6 Rxg7 36.hxg7 Qxe5 37.Qh4+ Kxg7 38.Rfxg6+ 
fxg6 39.Qxe7+ Kh6 40.Rg4 g5 41.Qxa7 Qf5 42.Rg2 Nc3 43.Rh2+ Kg6 44.
Qh7+ Kf6 45.Qxf5+ Kxf5 46.b6 Ne4 47.b7 1-0

[Event "XVe Open International de l'Indre"]
[Site "Chateauroux - FRA"]
[Date "2014.10.26"]
[Round "3.17"]
[White "Kapala, Serge"]
[Black "Triboulet, Benjamin"]
[Result "1-0"]
[WhiteElo "1782"]
[BlackElo "1654"]
[Board "17"]
[Input " "]
[Owner "FFE"]

1.d4 d5 2.c4 c6 3.Nf3 Nf6 4.Nc3 e6 5.Bg5 Be7 6.e3 Nbd7 7.Bd3 dxc4 8.
Bxc4 b6 9.O-O Bb7 10.Qe2 b5 11.Bd3 a6 12.Rac1 Rc8 13.Rfd1 O-O 14.e4 
c5 15.dxc5 Rxc5 16.Be3 Rc7 17.Bf4 Rc8 18.Bb1 b4 19.Na4 Qa5 20.b3 e5 
21.Bg5 Bc6 22.Nb2 Bb5 23.Qe1 Bc5 24.a4 Bc6 25.Nc4 Qc7 26.Qe2 a5 27.h3
Nh5 28.Nfxe5 Nxe5 29.Qxh5 Nxc4 30.Rxc4 Qe5 31.Qg4 Bxa4 32.bxa4 Bxf2+ 
33.Kxf2 Rxc4 34.Be3 Qb2+ 35.Kg1 Rc6 36.Bd4 Rg6 37.Qxg6 Qxd4+ 38.Rxd4 
hxg6 39.Rd5 Rc8 40.Kh2 Ra8 41.Kg3 Kf8 42.Kf4 Ke7 43.g4 Rh8 44.Kg3 Ra8
45.h4 f6 46.Rb5 Ra7 47.Kf4 Ra8 48.e5 fxe5+ 49.Rxe5+ Kd6 50.Rb5 Rf8+ 
51.Kg5 Rf1 52.Bxg6 Ra1 53.Rxa5 b3 54.Rb5 Rxa4 55.Rxb3 Ra5+ 56.Bf5 Ke7
57.Kg6 Ra7 58.Kxg7 Kd6+ 59.Kg6 Ke7 60.h5 Ra8 61.Rb7+ Kf8 62.h6 Ra6+ 
63.Kh5 1-0

[Event "XVe Open International de l'Indre"]
[Site "Chateauroux - FRA"]
[Date "2014.10.26"]
[Round "3.18"]
[White "Le Bail, Stephane"]
[Black "Claudon, Andreas"]
[Result "1/2-1/2"]
[WhiteElo "1754"]
[BlackElo "1479"]
[Board "18"]
[Input " "]
[Owner "FFE"]

1.d4 d5 2.Bf4 Nf6 3.e3 e6 4.Nf3 Nc6 5.Nbd2 Bb4 6.c3 Bd6 7.Ne5 Bxe5 8.
dxe5 Nd7 9.Nf3 h6 10.h3 b6 11.Bb5 Bb7 12.Qa4 Ncb8 13.Nd4 a6 14.Be2 c5
15.Nf3 b5 16.Qc2 Nc6 17.O-O c4 18.b3 Nb6 19.Nd4 Nd7 20.Nxc6 Bxc6 21.
Bf3 Nc5 22.bxc4 bxc4 23.Rab1 O-O 24.Be2 Qa5 25.Rb4 Rab8 26.Rfb1 Bb5 
27.g4 Qc7 28.Qb2 Na4 29.Qc2 Nc5 30.Qb2 Na4 31.Qc2 Nc5 32.Qb2 Na4 
1/2-1/2

[Event "XVe Open International de l'Indre"]
[Site "Chateauroux - FRA"]
[Date "2014.10.26"]
[Round "3.19"]
[White "Wierzbowska, Aleksandra"]
[Black "Petit, Matthias"]
[Result "1-0"]
[WhiteElo "1409"]
[BlackElo "1263"]
[Board "19"]
[Input " "]
[Owner "FFE"]

1.d4 c5 2.d5 e6 3.dxe6 fxe6 4.e4 Nc6 5.Nc3 Nf6 6.Bg5 Be7 7.Bxf6 Bxf6 
8.Qh5+ g6 9.Qxc5 Bd4 10.Qc4 Qf6 11.f3 Ne5 12.Qxd4 O-O 13.O-O-O b6 14.
Nh3 Nc6 15.Qxf6 Rxf6 16.Bb5 Rf7 17.Ng5 Re7 18.Bxc6 dxc6 19.Rd8+ Kg7 
20.Rhd1 Bb7 21.R8d7 Re8 22.Nxe6+ Kf6 23.Rxe7 Rxe7 24.Nd8 Ba8 25.f4 
Re8 26.Rd7 c5 27.Rf7# 1-0

[Event "XVe Open International de l'Indre"]
[Site "Chateauroux - FRA"]
[Date "2014.10.26"]
[Round "3.20"]
[White "Cassonnet, Arnaud"]
[Black "Dubost, Christophe"]
[Result "0-1"]
[WhiteElo "1730"]
[BlackElo "1838"]
[Board "20"]
[Input " "]
[Owner "FFE"]

1.e4 c6 2.d4 d5 3.exd5 cxd5 4.Nf3 Nc6 5.Be2 Nf6 6.O-O Bf5 7.c3 e6 8.
Bb5 a6 9.Bxc6+ bxc6 10.Qa4 Qb6 11.Nbd2 Qb5 12.Qxb5 cxb5 13.Ne5 Be7 
14.f4 O-O 15.Ndf3 Rac8 16.Bd2 Rc7 17.a3 h5 18.h3 Rb8 19.Rac1 Ne4 20.
g4 hxg4 21.Nxg4 Rbc8 22.Ra1 a5 23.Be1 b4 24.axb4 axb4 25.cxb4 Rb8 26.
Nd2 Bxb4 27.Nxe4 Bxe4 28.Ne3 Bxe1 29.Raxe1 Rxb2 30.Rf2 Rcb7 31.Ree2 
Rb1+ 32.Kh2 Rh1+ 33.Kg3 Rbb1 34.f5 Rbg1+ 35.Kf4 Rxh3 36.fxe6 fxe6 37.
Nc4 Bd3 38.Rxe6 Bxc4 39.Rb2 Rh4+ 40.Kf3 Rxd4 41.Rh2 Rf1+ 42.Kg3 Re4 
43.Rd6 Re3+ 44.Kg4 Be2+ 45.Kg5 Re5+ 46.Kh4 Rh5+ 47.Kg3 Rf3+ 48.Kg2 
Rg5+ 0-1

[Event "XVe Open International de l'Indre"]
[Site "Chateauroux - FRA"]
[Date "2014.10.26"]
[Round "3.21"]
[White "Clement, Christian"]
[Black "Bleau, Adrien"]
[Result "0-1"]
[WhiteElo "1403"]
[BlackElo "1752"]
[Board "21"]
[Input " "]
[Owner "FFE"]

1.e4 e6 2.Nf3 d5 3.exd5 exd5 4.d4 Nc6 5.Bb5 Bd6 6.Nc3 Ne7 7.O-O Bg4 
8.Bxc6+ bxc6 9.Re1 O-O 10.Qd3 Bf5 11.Qe2 Ng6 12.Be3 Re8 13.Qd2 Bg4 
14.Bg5 f6 15.Rxe8+ Qxe8 16.Re1 Qd7 17.Be3 Bxf3 18.gxf3 Qh3 19.f4 Nh4 
0-1

[Event "XVe Open International de l'Indre"]
[Site "Chateauroux - FRA"]
[Date "2014.10.26"]
[Round "3.22"]
[White "Sogny, Richard"]
[Black "Bleau, Benoit"]
[Result "1-0"]
[WhiteElo "1624"]
[BlackElo "1278"]
[Board "22"]
[Input " "]
[Owner "FFE"]

1.d4 d5 2.Nf3 Nc6 3.c4 e6 4.Nc3 Nf6 5.Qc2 Bb4 6.Bd2 h6 7.e3 a6 8.Ne5 
O-O 9.Nxc6 bxc6 10.c5 Qe7 11.Be2 Re8 12.f4 Ng4 13.g3 f5 14.h3 Nf6 15.
O-O-O Bxc3 16.Bxc3 Ne4 17.Be1 a5 18.g4 Qf7 19.Bd3 a4 20.Bxe4 dxe4 21.
Bh4 Ba6 22.gxf5 exf5 23.Rhg1 Bd3 24.Qc3 Qxa2 25.d5 Qc4 26.Rxg7+ Kf8 
27.Qxc4 Bxc4 28.Rxc7 Bxd5 29.Rg1 Rac8 30.Rh7 Bg8 31.Rxh6 Re6 32.Rxg8+
Kxg8 33.Rxe6 Kf7 34.Rf6+ Kg7 35.Rxf5 Rb8 36.Bf6+ Kg6 37.Be5 Rb5 38.
Rf6+ Kh5 39.Rxc6 Kh4 40.Bd4 Kxh3 41.Rb6 Ra5 42.c6 Ra8 43.c7 Rc8 44.
Be5 Kg4 45.Rb8 1-0

[Event "XVe Open International de l'Indre"]
[Site "Chateauroux - FRA"]
[Date "2014.10.26"]
[Round "3.23"]
[White "Zarebska, Lena"]
[Black "Azen, Bernard"]
[Result "1-0"]
[WhiteElo "1201"]
[BlackElo "1540"]
[Board "23"]
[Input " "]
[Owner "FFE"]

1.e4 e6 2.d4 d5 3.e5 c5 4.Nf3 Nc6 5.Bb5 Bd7 6.O-O a6 7.Be2 Rc8 8.Bg5 
Qb6 9.dxc5 Qxb2 10.Nbd2 Nxe5 11.Nb3 Nxf3+ 12.Bxf3 Qe5 13.Be3 Qc7 14.
Re1 Ne7 15.Bd4 Ng6 16.Bxd5 Be7 17.Bf3 O-O 18.Qd2 Bc6 19.Bxc6 Qxc6 20.
Qc3 Nh4 21.f3 Nf5 22.Na5 Qa4 23.Re4 Nxd4 24.Rxd4 Bxc5 25.Qxc5 Rxc5 
26.Rxa4 b6 27.Nb7 Rc7 28.Nd6 a5 29.c4 Rd8 30.Ne4 Rd4 31.Rb1 f5 32.Ng5
Rd6 33.Rxa5 g6 34.Ra8+ Kg7 35.Rb8 h6 36.Nh3 Rxc4 37.R8xb6 Rcd4 38.
Rxd6 Rxd6 39.a4 Ra6 40.Ra1 Kf6 41.f4 e5 42.Kf2 e4 43.Ke3 Ke6 44.Kd4 
Kd6 45.Kc4 Kc6 46.a5 e3 47.Kb4 Kb7 48.Ng1 Re6 49.Ne2 Ka6 50.Rd1 g5 
51.fxg5 hxg5 52.Rd5 Rf6 53.Re5 f4 54.Rxg5 f3 55.gxf3 1-0

[Event "XVe Open International de l'Indre"]
[Site "Chateauroux - FRA"]
[Date "2014.10.26"]
[Round "3.24"]
[White "Krianga, Georgii"]
[Black "Daliga, Anita"]
[Result "1/2-1/2"]
[WhiteElo "1277"]
[BlackElo "1489"]
[Board "24"]
[Input " "]
[Owner "FFE"]

1.e4 e5 2.Nf3 Nc6 3.Bc4 Bc5 4.c3 d6 5.d4 exd4 6.cxd4 Bb4+ 7.Bd2 Bxd2+
8.Qxd2 Nf6 9.Nc3 O-O 10.O-O Bg4 11.Ne1 Re8 12.f3 Bd7 13.Nc2 h6 14.Qf4
Qe7 15.Nd5 Nxd5 16.Bxd5 Nd8 17.Rfe1 Be6 18.Bxe6 Nxe6 19.Qe3 Qd7 20.d5
Nc5 21.Nd4 Qa4 22.a3 Nd7 23.b4 Nf6 24.Nf5 Qd7 25.Qf4 Kh7 26.g4 Ng8 
27.g5 Rf8 28.gxh6 Nxh6 29.Nxh6 gxh6 30.Kh1 Qe7 31.Rg1 Qe5 32.Qxe5 
dxe5 33.Rac1 Rac8 34.Rg2 f6 35.Rgc2 Rf7 36.d6 c6 1/2-1/2

[Event "XVe Open International de l'Indre"]
[Site "Chateauroux - FRA"]
[Date "2014.10.26"]
[Round "3.25"]
[White "Budak, Rezan"]
[Black "Bohdanowicz, Nikola"]
[Result "1-0"]
[WhiteElo "1482"]
[BlackElo "1146"]
[Board "25"]
[Input " "]
[Owner "FFE"]

1.e4 c5 2.Bc4 Nc6 3.Nc3 Nf6 4.f4 Nxe4 5.Nxe4 d5 6.Bb5 dxe4 7.Bxc6+ 
bxc6 8.b3 e6 9.Qe2 f5 10.Bb2 Qh4+ 11.g3 Qh6 12.O-O-O Be7 13.d3 exd3 
14.Rxd3 O-O 15.Nf3 Ba6 16.c4 Kh8 17.Rd7 Bf6 18.Ba3 Rfd8 19.Rhd1 Qg6 
20.Ne5 Qe8 21.Nf7+ Kg8 22.Nxd8 Bxd8 23.Bxc5 Bb6 24.Bxb6 axb6 25.R7d6 
Bc8 26.Rd8 Kf7 27.Rxe8 Kxe8 28.Rd6 Bd7 29.Rxc6 Bxc6 30.Qxe6+ Kf8 31.
Qxc6 Rxa2 32.Qd6+ Kf7 33.Qd5+ Ke7 34.h3 Rh2 35.Qb7+ Kf6 36.Qxb6+ Kf7 
37.c5 Rxh3 38.c6 Rxg3 39.c7 Rc3+ 40.Kb2 Rxc7 41.Qxc7+ Kg6 42.Qe5 h5 
43.Kc2 h4 44.Kd2 h3 45.Ke3 h2 46.Qd5 Kh5 47.Qh1 Kh4 48.Qxh2+ Kg4 49.
Qg2+ Kh5 50.Qg5# 1-0

[Event "XVe Open International de l'Indre"]
[Site "Chateauroux - FRA"]
[Date "2014.10.27"]
[Round "4.1"]
[White "Inkiov, Ventzislav"]
[Black "Bujisho, Benjamin"]
[Result "0-1"]
[WhiteElo "2435"]
[BlackElo "2350"]
[Board "1"]
[Input " "]
[Owner "FFE"]

1.d4 Nf6 2.c4 g6 3.Nc3 Bg7 4.Nf3 O-O 5.Bg5 c5 6.d5 h6 7.Bd2 d6 8.e4 
e6 9.Be2 exd5 10.exd5 Bf5 11.O-O Ne4 12.Nxe4 Bxe4 13.Qc1 Bxf3 14.Bxf3
Kh7 15.Bf4 Qf6 16.Bg4 Re8 17.Rb1 Na6 18.a3 Re4 19.g3 Rae8 20.h4 Qd8 
21.Bf3 R4e7 22.b4 b6 23.Qc2 Qd7 24.h5 Be5 25.Bxe5 Rxe5 26.Kg2 Kg7 27.
hxg6 fxg6 28.Rh1 h5 29.Rh4 Rf8 30.Be4 Qe8 31.Bd3 g5 32.Re4 Rxe4 33.
Bxe4 Qe5 34.Bd3 h4 35.Qd2 Qf6 36.Qe3 Qf3+ 37.Qxf3 h3+ 38.Kf1 Rxf3 39.
Ke2 g4 40.b5 Nc7 41.Rf1 Ne8 42.Kd2 Nf6 43.a4 Kh6 44.Kc2 Kg5 45.Be2 h2
46.Bxf3 gxf3 47.Rh1 Ng4 48.Kd2 Kf6 49.Kc3 Kf5 50.Kd2 Ke4 51.Kc3 Nxf2 
52.Rxh2 Ke3 53.Rh7 Ne4+ 54.Kc2 f2 55.Rf7 Nxg3 0-1

[Event "XVe Open International de l'Indre"]
[Site "Chateauroux - FRA"]
[Date "2014.10.27"]
[Round "4.2"]
[White "Liohki, Nikola"]
[Black "Letemple, Frederic"]
[Result "1/2-1/2"]
[WhiteElo "2410"]
[BlackElo "1950"]
[Board "2"]
[Input " "]
[Owner "FFE"]

1.d4 Nf6 2.Bg5 g6 3.Bxf6 exf6 4.e3 Bg7 5.c4 O-O 6.Nc3 f5 7.g3 d6 8.
Bg2 c6 9.Nge2 Nd7 10.O-O Nf6 11.Rc1 Qe7 12.b4 Bd7 13.Qd3 Rab8 14.Rfd1
Rfd8 15.Rb1 Be8 16.c5 d5 17.b5 Ne4 18.Nxe4 fxe4 19.Qb3 Qc7 20.b6 axb6
21.cxb6 Qd6 22.Nc3 Bf8 23.Na4 Qa3 24.Qxa3 Bxa3 25.Rb3 Be7 26.Nc5 Bxc5
27.dxc5 Ra8 28.Rc3 f5 29.Rc2 Ra5 30.Bf1 Rda8 31.Rdd2 Kf7 32.Be2 h5 
33.Kf1 Ke6 34.Ke1 g5 35.Kd1 g4 36.Kc1 Ke5 37.Bd1 Rd8 38.Rc3 d4 39.
exd4+ Rxd4 40.Bb3 Bd7 41.Rxd4 Kxd4 42.Rc4+ 1/2-1/2

[Event "XVe Open International de l'Indre"]
[Site "Chateauroux - FRA"]
[Date "2014.10.27"]
[Round "4.3"]
[White "Viers, Matthieu"]
[Black "Battaglini, Gabriel"]
[Result "0-1"]
[WhiteElo "1794"]
[BlackElo "2430"]
[Board "3"]
[Input " "]
[Owner "FFE"]

1.e4 c6 2.d4 d5 3.exd5 cxd5 4.Bd3 Nc6 5.c3 Qc7 6.Bg5 Nf6 7.h3 g6 8.
Nd2 Bg7 9.Ne2 O-O 10.O-O Nh5 11.Nf3 h6 12.Bh4 f5 13.Ng3 Nf4 14.Ne2 
Nxd3 15.Qxd3 g5 16.Bg3 f4 17.Bh2 Bf5 18.Qd2 Qd7 19.h4 Bf6 20.Rad1 
Rad8 21.Rfe1 Be4 22.Ne5 Bxe5 23.dxe5 Qg4 24.Nxf4 gxf4 0-1

[Event "XVe Open International de l'Indre"]
[Site "Chateauroux - FRA"]
[Date "2014.10.27"]
[Round "4.4"]
[White "Valette, Christian"]
[Black "Malczyk, Jakub"]
[Result "1/2-1/2"]
[WhiteElo "2042"]
[BlackElo "2068"]
[Board "4"]
[Input " "]
[Owner "FFE"]

1.Nf3 d5 2.d4 c6 3.c4 e6 4.cxd5 exd5 5.Nc3 Nf6 6.Bg5 Be7 7.Qc2 h6 8.
Bh4 Be6 9.e3 Nbd7 10.Bd3 O-O 11.h3 Qa5 12.O-O Bd6 13.Ne2 Ne4 14.Bxe4 
dxe4 15.Nd2 f5 16.Nc4 Bxc4 17.Qxc4+ Kh8 18.Qe6 Qd5 19.Qg6 Rae8 20.Nc3
1/2-1/2

[Event "XVe Open International de l'Indre"]
[Site "Chateauroux - FRA"]
[Date "2014.10.27"]
[Round "4.5"]
[White "Gey, Marc-Emile"]
[Black "Egreteau, Eric"]
[Result "1/2-1/2"]
[WhiteElo "1888"]
[BlackElo "2038"]
[Board "5"]
[Input " "]
[Owner "FFE"]

1.d4 Nf6 2.c4 d6 3.Nc3 Bf5 4.Nf3 h6 5.g3 c6 6.Bg2 Qc8 7.O-O Bh3 8.e4 
Bxg2 9.Kxg2 e6 10.e5 Nfd7 11.b3 dxe5 12.dxe5 Qc7 13.Qe2 a5 14.Bb2 Nc5
15.Ne4 Nxe4 16.Qxe4 Be7 17.Qg4 O-O 18.Nd2 Nd7 19.f4 Nc5 20.f5 exf5 
21.Rxf5 Nd3 22.Bd4 Bc5 23.Bxc5 Nxc5 24.Ne4 Nxe4 25.Qxe4 Rfe8 26.Re1 
Re6 27.Qg4 Rae8 28.Ref1 Rxe5 29.R5f2 R8e7 30.Qd4 Re2 31.Qa7 Rxf2+ 32.
Rxf2 Qe5 33.Qa8+ Kh7 34.Qc8 Qe4+ 35.Kg1 Kg6 36.Qd8 Qe1+ 37.Kg2 Qe4+ 
38.Kg1 Kh7 39.Qxa5 g6 40.Qd2 Qb1+ 41.Kg2 Qe4+ 42.Kg1 Qe6 43.Kg2 h5 
44.Qf4 Rd7 45.Qf3 Re7 46.Qf4 f5 47.Rd2 Qe1 48.Qf2 Qe4+ 49.Qf3 Qb1 50.
Qf4 Qe1 51.Qf2 Qe6 52.Qf4 Qf6 53.Rf2 c5 54.Qf3 h4 55.Qf4 hxg3 56.hxg3
Qc6+ 57.Qf3 Re4 58.Kf1 Kg8 59.Qd3 Rd4 60.Qf3 Qd7 61.Re2 Rd3 62.Re8+ 
Kf7 63.Re3 Rd1+ 64.Re1 Rd3 65.Qh1 Kg7 66.Qh4 Rd1 67.Qf4 Qd3+ 68.Kf2 
Rxe1 69.Kxe1 Qb1+ 70.Kf2 Qxa2+ 71.Kg1 Qb1+ 72.Kh2 Qb2+ 73.Kh3 Qxb3 
74.Qc7+ Kh6 75.Qf4+ Kh7 76.Qh4+ 1/2-1/2

[Event "XVe Open International de l'Indre"]
[Site "Chateauroux - FRA"]
[Date "2014.10.27"]
[Round "4.6"]
[White "Viers, Emmanuel"]
[Black "Gedda, Peder"]
[Result "1-0"]
[WhiteElo "2035"]
[BlackElo "1801"]
[Board "6"]
[Input " "]
[Owner "FFE"]

1.e4 e6 2.d4 d5 3.Nd2 f5 4.exf5 exf5 5.Ngf3 Nc6 6.Bb5 Bd6 7.Ne5 Ne7 
8.Qh5+ g6 9.Qh6 Bxe5 10.dxe5 Be6 11.O-O Qd7 12.Nb3 b6 13.Bg5 a6 14.
Bf6 axb5 15.Bxh8 O-O-O 16.Qxh7 Kb7 17.Bf6 Rf8 18.f4 Rf7 19.Qh4 Ng8 
20.Bg5 Rh7 21.Qf2 Nh6 22.h3 Nf7 23.Bf6 g5 24.fxg5 Nfxe5 25.Nd4 Nxd4 
26.Qxd4 f4 27.Qxe5 Bxh3 28.Qxf4 Bxg2 29.Kxg2 Qh3+ 30.Kf2 Rh4 31.Qg3 
Qf5+ 32.Kg2 Qe4+ 33.Qf3 Rg4+ 34.Kh3 Rh4+ 35.Kg3 1-0

[Event "XVe Open International de l'Indre"]
[Site "Chateauroux - FRA"]
[Date "2014.10.27"]
[Round "4.7"]
[White "Owen, Michael"]
[Black "Sobry, Sebastien"]
[Result "0-1"]
[WhiteElo "1682"]
[BlackElo "2033"]
[Board "7"]
[Input " "]
[Owner "FFE"]

1.Nf3 c5 2.b3 Nf6 3.Bb2 e6 4.e3 Be7 5.Be2 O-O 6.O-O d5 7.Ne5 Nfd7 8.
f4 f6 9.Nxd7 Bxd7 10.Bf3 Nc6 11.d3 Qc7 12.Nc3 d4 13.exd4 Nxd4 14.Ne2 
Nf5 15.Qd2 c4 16.Qc3 Qb6+ 17.d4 Bb4 18.Qxc4 Ne3 19.Qd3 Nxf1 20.Rxf1 
Bc6 21.c4 Rad8 22.Kh1 Bxf3 23.Rxf3 Qd6 24.Rh3 g6 25.Rg3 Rd7 26.f5 
exf5 27.Qxf5 Re7 28.h4 Rxe2 29.Rxg6+ Kh8 0-1